000 00791nam a22002417i 4500
003 OSt
005 20250819082237.0
008 250814s2018 sp ||||| |||| 00| 0bspa d
020 _a978-84-16291-65-6
040 _cBiblioteca de ejemplo
100 1 _aDesbordes, Michèle
_d1940-2006
_eAutora
_920
240 1 3 _aLa robe bleue
_lespañol
245 1 3 _aEl vestido azul
_b:
_c/ Michèle Desbordes ; traducción de David M. Copé
250 _a1ª ed.
260 _aCáceres
_bPeriférica
_c2018
300 _a146 p.
_c21 cm
490 0 _aLargo recorrido
_v126
500 _aColaboración de Elena García Cañibano
600 1 0 _aClaudel, Camille
_d1864-1943
_921
700 1 _aCopé, David M.
_922
_etraductor
700 _aGarcía Cañibano, Elena
_d(1977-)
_ecolaboradora
_98
942 _2ddc
_cMO
_n0
999 _c10
_d10